Najludniejsze Miasta Polski od A do Ż - Statystyki

Ogólne statystyki
  • Ten quiz został rozwiązany 2 928 razy
  • Średni wynik to 16 z 26
Statystyki odpowiedzi
# Liczba Ludności Nazwa Miejscowości % Poprawnych
W 1 863 056 Warszawa
97%
K 802 583 Kraków
95%
G 486 271 Gdańsk
92%
Ł 664 860 Łódź
92%
P 545 073 Poznań
89%
L 332 852 Lublin
87%
B 334 026 Bydgoszcz
85%
S 394 482 Szczecin
84%
E 114 401 Elbląg
78%
C 210 773 Częstochowa
77%
T 197 112 Toruń
75%
R 199 904 Radom
72%
O 169 251 Olsztyn
70%
Z 156 935 Zabrze
60%
A 29 341 Augustów
58%
I 68 906 Inowrocław
57%
D 115 955 Dąbrowa Górnicza
50%
F 2 126 Frombork
42%
Ż 61 839 Żory
42%
N 80 979 Nowy Sącz
35%
Ć 2 852 Ćmielów
33%
J 88 267 Jaworzno
32%
Ś 54 192 Świdnica
29%
H 19 487 Hajnówka
26%
M 72 124 Mysłowice
26%
U 16 035 Ustroń
19%
Nie znaleziono quizów pasujących do podanych kryteriów
Rozkład punktacji
Procent ludzi z każdym wynikiem
Percentyl według liczby udzielonych odpowiedzi
Twoja historia wyników
Nie rozwiązałeś tego quizu